| 000 | 00914cab a22002055a 4500 | ||
|---|---|---|---|
| 001 | L141993 | ||
| 008 | 080117s2007 xxk f 000 0 eng d | ||
| 035 | _a(Sirsi) u141993 | ||
| 041 | 0 | _aeng | |
| 100 | 1 | _aWills, Ian | |
| 245 | 0 | 0 | _aEmpty rates and empty promises |
| 260 | _c2007 | ||
| 490 | 0 |
_aProperty Forecast _v10(12) December 2007, 12-13(2) |
|
| 520 | _aDiscusses the UK Government's increase of the empty property tax burden. Covers: key points of the legislation and opposition to it. Discusses the issues raised including: listed buildings; properties in administration; rates avoidance. Concludes the legislation does not reflect the reality in the regions and is not appropriate for Central London. | ||
| 590 | _aKA | ||
| 650 | 2 | 4 | _aRATING (EMPTY PROPERTIES) ACT 2007 |
| 651 | 4 |
_aUnited Kingdom _y |
|
| 690 | _aPROPERTY-PROPERTY TAXATION-PROPERTY TAX ALLOWANCES-CAPITAL ALLOWANCES | ||
| 942 | _n0 | ||
| 999 |
_c79694 _d79694 |
||